000 00646nam a22001577a 4500
999 _c13925
_d13925
008 190523b ||||| |||| 00| 0 eng d
082 _22018
_aUT 1312
_bB91
100 _aBuaya, Rhalna May A.
_938775
245 _aParental involvement, parenting styles and students academic performance of Digos Central Adventist Academy /
_cRhalna May A. Buaya, Ryzzal Lee C. Lobiano, and Shaira Marez G. Mijares.
260 _aDigos City:
_bUMDC
_cOctober 2018.
300 _a50 pages;
_c30 cm.
650 _aElementary
_xUndergraduate thesis.
_938776
700 _aLobiano, Ryzzal Lee C.
_938777
700 _aMijares, Shaira Marez G.
_938778
942 _2ddc
_cUT